Estudio de la eficiencia de inyectores para turbinas Pelton
Gespeichert in:
| 1. Verfasser: | |
|---|---|
| Format: | Buch |
| Veröffentlicht: |
San José, C.R.
1997
|
| Schlagworte: | |
| Tags: |
Tag hinzufügen
Keine Tags, Fügen Sie den ersten Tag hinzu!
|
MARC
| LEADER | 00000nam a2200000Ia 4500 | ||
|---|---|---|---|
| 003 | 008295 | ||
| 005 | 20221231144228.0 | ||
| 008 | 140114s1997 cr a m 000 ||s d | ||
| 040 | |c cru CEDI | ||
| 090 | |a TFG 3726 | ||
| 100 | |a Paz Jiménez, Alom |9 9313 | ||
| 245 | |a Estudio de la eficiencia de inyectores para turbinas Pelton | ||
| 260 | |c 1997 |a San José, C.R. | ||
| 300 | |a viii, 145 hojas : ilustraciones | ||
| 500 | |a Proyecto de graduación (licenciatura en ingeniería mecánica)--Universidad de Costa Rica. Facultad de Ingeniería. Escuela de Ingeniería Mecánica | ||
| 650 | |x TURBINAS HIDRAULICAS |x INYECTORES |9 9314 | ||
| 942 | |c TFG | ||
| 999 | |c 18759 |d 18759 | ||
